[Event "Bundesliga 2021-22"]
[Site "Berlin GER"]
[Date "2022.07.09"]
[Round "13.3"]
[Board "4"]
[White "Anton Guijarro, David"]
[Black "Nikolic, Predrag"]
[Result "1-0"]
[WhiteTitle "GM"]
[BlackTitle "GM"]
[WhiteElo "2694"]
[BlackElo "2541"]
[WhiteTeam "SC Viernheim"]
[BlackTeam "SG Solingen"]
[WhiteFideId "2285525"]
[BlackFideId "14400014"]
[EventDate "2022.03.05"]

1. Nf3 d5 2. e3 c5 3. b3 Nc6 4. Bb5 Bd7 5. Bb2 e6 6. c4 dxc4 7. bxc4 Nf6 8. O-O
Be7 9. d4 O-O 10. Nbd2 Rc8 11. dxc5 a6 12. Ba4 Nb4 13. Rb1 Nd3 14. Bxf6 Bxf6 15.
Bxd7 Qxd7 16. Ne4 Be7 17. Rb3 Rfd8 18. Qb1 f5 19. Nd6 Bxd6 20. cxd6 Nc5 21. Rb6
Qa4 22. Ne5 Qa5 23. d7 Nxd7 24. Nxd7 Rxd7 25. Rxb7 Rdc7 26. Rxc7 Qxc7 27. Rc1
Qc5 28. Qb7 Qc6 29. Qe7 h6 30. c5 Kh7 31. Qh4 Rb8 32. Qd4 Rb5 33. a4 Rb3 34. h3
a5 35. Rc4 Kg6 36. Qe5 Rb4 37. Rd4 Kh7 38. Rd6 Qe4 39. Qxe4 fxe4 40. Rd4 Rb1+
41. Kh2 Rc1 42. Rxe4 Rxc5 43. f4 Kg8 44. Rxe6 Rc4 45. Kg3 Rxa4 46. Ra6 Kf7 47.
Kf3 Ra1 48. g4 Rh1 49. Kg2 Re1 50. Kf2 Rh1 51. Rxa5 Rxh3 52. Rh5 1-0

[Event "Bundesliga 2021-22"]
[Site "Berlin GER"]
[Date "2022.07.09"]
[Round "13.3"]
[Board "5"]
[White "Naumann, Alexander"]
[Black "Amin, Bassem"]
[Result "1/2-1/2"]
[WhiteTitle "GM"]
[BlackTitle "GM"]
[WhiteElo "2514"]
[BlackElo "2683"]
[WhiteTeam "SG Solingen"]
[BlackTeam "SC Viernheim"]
[WhiteFideId "4623169"]
[BlackFideId "10601457"]
[EventDate "2022.03.05"]

1. d4 Nf6 2. c4 g6 3. g3 Bg7 4. Bg2 O-O 5. Nc3 d6 6. Nf3 c6 7. O-O Bf5 8. Ne1 e5
9. d5 cxd5 10. cxd5 a5 11. e4 Bd7 12. Nd3 Na6 13. a4 Nb4 14. Qe2 Qe8 15. Re1 h5
16. b3 Rc8 17. Bb2 Bh6 18. Nxb4 axb4 19. Na2 Qd8 20. Bc1 Bxc1 21. Rexc1 Qa5 22.
Qd2 b5 23. axb5 Rxc1+ 24. Rxc1 Rb8 25. Qxb4 Qxb4 26. Nxb4 Rxb5 27. Rc4 Kg7 28.
f3 h4 29. Kf2 Rb7 30. Nc2 Rxb3 31. Rb4 Rxb4 32. Nxb4 hxg3+ 33. hxg3 Nh5 34. Nc2
f5 35. Na3 Kf7 36. Bf1 Nf6 37. Ke3 Ke7 38. Bb5 Bc8 39. Nc4 g5 40. Na5 Kd8 41.
Nc6+ Kc7 42. Ne7 fxe4 43. fxe4 Bh3 44. Ba4 Kb6 45. Ng6 Kc5 46. Bc2 Kc4 47. Nh8
Ng4+ 48. Kd2 Nh6 49. Ng6 Ng8 50. Nf8 Nf6 51. Ne6 g4 52. Bd3+ Kb4 53. Ng7 Bg2 54.
Ke3 Kc5 55. Nf5 Bf3 1/2-1/2

[Event "Bundesliga 2021-22"]
[Site "Berlin GER"]
[Date "2022.07.09"]
[Round "13.3"]
[Board "6"]
[White "Fedorchuk, Sergey A."]
[Black "Wegerle, Joerg"]
[Result "1/2-1/2"]
[WhiteTitle "GM"]
[BlackTitle "IM"]
[WhiteElo "2604"]
[BlackElo "2404"]
[WhiteTeam "SC Viernheim"]
[BlackTeam "SG Solingen"]
[WhiteFideId "14102536"]
[BlackFideId "4644743"]
[EventDate "2022.03.05"]

1. e4 e5 2. Bc4 Nc6 3. d3 Nf6 4. Nf3 Bc5 5. O-O d6 6. c3 O-O 7. Re1 a6 8. Bb3
Bb6 9. h3 Ne7 10. Nbd2 Ng6 11. Nf1 Re8 12. Ng3 Be6 13. Bc2 d5 14. Ng5 Bd7 15.
exd5 h6 16. N5e4 Nxd5 17. Bb3 Be6 18. Qf3 Ndf4 19. Bxf4 exf4 20. Nh5 Qh4 21. d4
Rad8 22. Nd2 Bxb3 23. Nxb3 c6 24. Qg4 Qg5 25. Nd2 Qxg4 26. hxg4 Kf8 27. Kf1 Bc7
28. Nb3 b6 29. a4 Rxe1+ 30. Rxe1 Rd5 31. f3 Rg5 32. Nd2 Ne7 33. c4 f5 34. Kf2
fxg4 35. fxg4 Rxg4 36. Nf3 Kf7 37. Re4 Ng6 38. b4 Nf8 39. d5 cxd5 40. cxd5 Bd6
41. Rc4 Nd7 42. Rc6 Bb8 43. Rc8 Bd6 44. Rc6 Bb8 45. Rc8 Bd6 46. Rc6 1/2-1/2

[Event "Bundesliga 2021-22"]
[Site "Berlin GER"]
[Date "2022.07.09"]
[Round "13.3"]
[Board "7"]
[White "Halvax, Georg"]
[Black "Wagner, Dennis"]
[Result "1/2-1/2"]
[WhiteTitle "IM"]
[BlackTitle "GM"]
[WhiteElo "2407"]
[BlackElo "2584"]
[WhiteTeam "SG Solingen"]
[BlackTeam "SC Viernheim"]
[WhiteFideId "1619543"]
[BlackFideId "24650684"]
[EventDate "2022.03.05"]

1. d4 Nf6 2. c4 e6 3. Nf3 d5 4. Nc3 Bb4 5. Qa4+ Nc6 6. a3 Bxc3+ 7. bxc3 Bd7 8.
cxd5 exd5 9. Bg5 O-O 10. e3 h6 11. Bh4 Ne5 12. Qc2 Nxf3+ 13. gxf3 Rc8 14. Qd2
Ne4 15. Bxd8 Nxd2 16. Kxd2 Rfxd8 17. Bd3 c5 18. Rhb1 Rc7 19. a4 g5 20. a5 cxd4 1/2-1/2

[Event "Bundesliga 2021-22"]
[Site "Berlin GER"]
[Date "2022.07.09"]
[Round "13.3"]
[Board "8"]
[White "Zaragatski, Ilja"]
[Black "Roseneck, Jonas"]
[Result "1-0"]
[WhiteTitle "GM"]
[BlackTitle "FM"]
[WhiteElo "2515"]
[BlackElo "2376"]
[WhiteTeam "SC Viernheim"]
[BlackTeam "SG Solingen"]
[WhiteFideId "4655192"]
[BlackFideId "12939870"]
[EventDate "2022.03.05"]

1. d4 Nf6 2. Nf3 d5 3. c4 e6 4. e3 Be7 5. b3 O-O 6. Bd3 c5 7. O-O cxd4 8. exd4
b6 9. Bb2 Bb7 10. Nbd2 Nc6 11. Rc1 Rc8 12. Qe2 Re8 13. Rfd1 Bf8 14. Nf1 g6 15.
Ne3 Bg7 16. c5 bxc5 17. dxc5 Nb4 18. a3 Nxd3 19. Qxd3 Bc6 20. b4 Ba4 21. Re1 Qd7
22. Be5 Ne4 23. Bxg7 Kxg7 24. Ng4 f6 25. Nd2 Nxd2 26. Qxd2 Qf7 27. Qh6+ Kh8 28.
Rc3 Qg7 29. Qf4 Rf8 30. Rxe6 Bd7 31. Rd6 Bxg4 32. Qxg4 f5 33. Qf3 Rce8 34. g3 f4
35. g4 d4 36. Rd3 h5 37. Rd1 Re5 38. R6xd4 hxg4 39. Qxg4 Qf6 40. h4 Rh5 41. Kg2
Rh6 42. Qg5 Qc6+ 43. Qd5 Qf6 44. Qd6 Qf5 45. Qxf8+ Qxf8 46. Rd8 1-0

[Event "Bundesliga 2021-22"]
[Site "Berlin GER"]
[Date "2022.07.09"]
[Round "13.4"]
[Board "1"]
[White "Rabiega, Robert"]
[Black "Piorun, Kacper"]
[Result "0-1"]
[WhiteTitle "GM"]
[BlackTitle "GM"]
[WhiteElo "2505"]
[BlackElo "2640"]
[WhiteTeam "SK Koenig Tegel"]
[BlackTeam "SF Berlin"]
[WhiteFideId "4601475"]
[BlackFideId "1130420"]
[EventDate "2022.03.05"]

1. e4 c5 2. Nf3 d6 3. Bc4 Nf6 4. d3 Nc6 5. O-O e6 6. Re1 Be7 7. Bb3 O-O 8. c3 d5
9. e5 Nd7 10. d4 f6 11. exf6 Nxf6 12. Ng5 cxd4 13. cxd4 Qe8 14. Nc3 Bb4 15. Bc2
h6 16. Nf3 Qh5 17. a3 Bd6 18. Qd3 Bd7 19. Qg6 Rac8 20. h3 a6 21. Be3 Qxg6 22.
Bxg6 Be8 23. Bxe8 Rfxe8 24. Rac1 Na5 25. Nd2 b5 26. Na2 Nc4 27. Nxc4 bxc4 28. f3
Rb8 29. Rc2 Kf7 30. Kf1 Nh5 31. Nc3 Ng3+ 32. Kg1 Rb3 33. Bf2 Reb8 34. Nd1 h5 35.
Re3 R3b6 36. Bxg3 Bxg3 37. Kf1 Bf4 38. Ree2 Bg3 39. Nc3 Rb3 40. Na4 0-1

[Event "Bundesliga 2021-22"]
[Site "Berlin GER"]
[Date "2022.07.09"]
[Round "13.4"]
[Board "2"]
[White "Schroeder, Jan-Christian"]
[Black "Bruedigam, Martin"]
[Result "1-0"]
[WhiteTitle "GM"]
[BlackTitle "IM"]
[WhiteElo "2564"]
[BlackElo "2386"]
[WhiteTeam "SF Berlin"]
[BlackTeam "SK Koenig Tegel"]
[WhiteFideId "24662259"]
[BlackFideId "24608033"]
[EventDate "2022.03.05"]

1. d4 Nf6 2. c4 e6 3. Nc3 d5 4. cxd5 exd5 5. Bg5 c6 6. e3 h6 7. Bh4 Bf5 8. Qf3
Bh7 9. Bxf6 Qxf6 10. Qxf6 gxf6 11. Nf3 Nd7 12. Nh4 Rg8 13. O-O-O Be7 14. g3 f5
15. Ng2 Nf6 16. f3 Kd7 17. Bd3 Ne8 18. Nf4 Nd6 19. Kd2 Bg5 20. Rhg1 Bxf4 21.
exf4 Bg6 22. b4 a6 23. a4 a5 24. b5 f6 25. Rb1 Bh5 26. Ke3 Bf7 27. Rgc1 Be6 28.
Nd1 Rgc8 29. Rc5 b6 30. Rxc6 Rxc6 31. bxc6+ Kxc6 32. Nc3 Rc8 33. Kd2 Rb8 34. Nd1
Nc8 35. Rc1+ Kd6 36. Nc3 Na7 37. Rb1 Bd7 38. Bc2 Be6 39. Re1 Bd7 40. Bd3 Be6 41.
g4 fxg4 42. fxg4 Nc6 43. Nb5+ Kd7 44. h3 Ne7 45. Nc7 Bf7 46. Bb5+ Kd6 47. f5 h5
48. Ne8+ Rxe8 49. Bxe8 Bxe8 50. Re6+ Kd7 51. Rxf6 hxg4 52. hxg4 Nc8 53. g5 Ke7
54. Re6+ Kf8 55. g6 Bd7 56. Rf6+ Kg8 57. Ke3 Bxa4 58. Kf4 Be8 59. Re6 Bd7 60.
Re5 a4 61. f6 b5 62. Rxd5 1-0

[Event "Bundesliga 2021-22"]
[Site "Berlin GER"]
[Date "2022.07.09"]
[Round "13.4"]
[Board "3"]
[White "Fruebing, Stefan"]
[Black "Tomczak, Jacek"]
[Result "1/2-1/2"]
[WhiteTitle "IM"]
[BlackTitle "GM"]
[WhiteElo "2374"]
[BlackElo "2584"]
[WhiteTeam "SK Koenig Tegel"]
[BlackTeam "SF Berlin"]
[WhiteFideId "4682165"]
[BlackFideId "1124668"]
[EventDate "2022.03.05"]

1. e4 e6 2. d4 d5 3. Nd2 Be7 4. Bd3 c5 5. dxc5 Nf6 6. Qe2 O-O 7. Ngf3 a5 8. O-O
Na6 9. e5 Nd7 10. c4 Ndxc5 11. Bb1 d4 12. Rd1 d3 13. Qe3 b6 14. Ne4 Nxe4 15.
Qxe4 Nc5 16. Qe3 Ra7 17. Nd4 Bg5 18. Qxg5 Qxd4 19. Qf4 Qxf4 20. Bxf4 Rd7 21. Be3
Rfd8 22. Bg5 Rf8 23. Be3 Rfd8 24. Bg5 Rf8 1/2-1/2

[Event "Bundesliga 2021-22"]
[Site "Berlin GER"]
[Date "2022.07.09"]
[Round "13.4"]
[Board "4"]
[White "Kraemer, Martin"]
[Black "Mueller, Nick"]
[Result "1/2-1/2"]
[WhiteTitle "GM"]
[BlackTitle "FM"]
[WhiteElo "2584"]
[BlackElo "2375"]
[WhiteTeam "SF Berlin"]
[BlackTeam "SK Koenig Tegel"]
[WhiteFideId "4671910"]
[BlackFideId "24692093"]
[EventDate "2022.03.05"]

1. e4 c6 2. Nf3 d5 3. d3 dxe4 4. dxe4 Qxd1+ 5. Kxd1 Bg4 6. Be3 Nd7 7. Nd2 e5 8.
Bc4 f6 9. Ke2 Bc5 10. Bxc5 Nxc5 11. b4 Nd7 12. a4 Ne7 13. h3 Bxf3+ 14. Kxf3
O-O-O 15. Bb3 Kc7 16. Nc4 f5 17. Rhe1 Rhf8 18. Kg3 Nf6 19. exf5 Nxf5+ 20. Kh2 e4
21. Ne3 Nd4 22. Bc4 g6 23. c3 Nf5 24. Ra2 Rd6 25. Ng4 Nd5 26. Rc2 Re8 27. Bxd5
cxd5 28. Rd2 Kc6 29. Ne3 a6 30. Nc2 Kc7 31. Red1 Red8 32. g4 Nh4 33. Nd4 Kb8 34.
Kg3 g5 35. Nf5 Nxf5+ 36. gxf5 Kc7 37. Kg4 h6 38. a5 Kc6 39. Rd4 Re8 40. c4 e3
41. cxd5+ Kd7 42. fxe3 Rxe3 43. R1d3 Re5 44. Rf3 Ke7 45. f6+ Kf7 46. Rf5 Re3 47.
h4 gxh4 48. Kxh4 Rxf6 49. Kg4 1/2-1/2

[Event "Bundesliga 2021-22"]
[Site "Berlin GER"]
[Date "2022.07.09"]
[Round "13.4"]
[Board "5"]
[White "Rietze, Clemens"]
[Black "Jakubowski, Krzysztof"]
[Result "0-1"]
[WhiteTitle "FM"]
[BlackTitle "GM"]
[WhiteElo "2279"]
[BlackElo "2475"]
[WhiteTeam "SK Koenig Tegel"]
[BlackTeam "SF Berlin"]
[WhiteFideId "24620351"]
[BlackFideId "1112848"]
[EventDate "2022.03.05"]

1. d4 Nf6 2. c4 e6 3. Nf3 b6 4. g3 Ba6 5. Qc2 c5 6. d5 exd5 7. cxd5 Bb7 8. Bg2
Nxd5 9. O-O Nc6 10. Rd1 Be7 11. Qf5 Nf6 12. e4 g6 13. Qf4 O-O 14. e5 Nh5 15. Qg4
Qc8 16. Nc3 Nb4 17. Qxd7 Re8 18. Bf4 Nxf4 19. gxf4 Nc2 20. Qxc8 Raxc8 21. Rac1
Bxf3 22. Bxf3 Nd4 23. Kg2 f6 24. Nd5 fxe5 25. Bg4 Rcd8 26. Nc7 Rf8 27. fxe5 h5
28. Be6+ Kh7 29. Bc4 Bh4 30. Rf1 Rd7 31. Na6 Re7 32. Rce1 Nf3 33. Re4 Rxe5 34.
Rxe5 Nxe5 35. Be2 Rd8 36. f4 Rd2 37. fxe5 Rxe2+ 38. Kh3 Be1 39. Rf7+ Kh6 40. Rf6
Rxe5 41. Nc7 c4 42. Ne6 Re3+ 43. Kg2 Bh4 0-1

[Event "Bundesliga 2021-22"]
[Site "Berlin GER"]
[Date "2022.07.09"]
[Round "13.4"]
[Board "6"]
[White "Schmidek, Emil"]
[Black "Jahnz, Fabian"]
[Result "1/2-1/2"]
[WhiteTitle "FM"]
[BlackTitle "FM"]
[WhiteElo "2383"]
[BlackElo "2245"]
[WhiteTeam "SF Berlin"]
[BlackTeam "SK Koenig Tegel"]
[WhiteFideId "12908150"]
[BlackFideId "4653300"]
[EventDate "2022.03.05"]

1. d4 d5 2. c4 dxc4 3. e4 Nc6 4. Nf3 Bg4 5. d5 Ne5 6. Bf4 Ng6 7. Be3 Nf6 8. Nc3
e5 9. Qa4+ Bd7 10. Qxc4 Bd6 11. Be2 O-O 12. h4 b5 13. Qd3 b4 14. Nd1 Re8 15. g3
h6 16. Rc1 Ne7 17. Bc5 Nc8 18. Nd2 Qe7 19. Bxd6 cxd6 20. Ne3 Rb8 21. Qa6 Qd8 22.
O-O Qb6 23. Qxb6 Nxb6 24. Rc7 a5 25. f3 Rec8 26. Rfc1 Ne8 27. Rxc8 Bxc8 28. Bb5
Kf8 29. Bxe8 Kxe8 30. Ndc4 Nxc4 31. Nxc4 Kd7 32. Nxa5 Ba6 33. Nc6 Rb6 34. Kf2 g6
35. Ke3 Bb7 36. Kd3 f5 37. h5 fxe4+ 38. fxe4 gxh5 39. Nb8+ Kd8 40. Nc6+ Kd7 41.
Ke3 Rb5 42. Kd2 Bxc6 43. Rxc6 Ra5 44. Rb6 Kc7 45. Rxb4 Rxa2 46. Rb3 Ra1 47. Rc3+
Kd7 48. Rf3 Rg1 49. Rf7+ Kc8 50. Rf6 Kc7 51. Rxh6 Rxg3 52. Rxh5 Rb3 53. Kc2 Re3
54. Rh4 Kb6 55. Kd2 Rb3 56. Kc2 Re3 57. Kd2 Rb3 58. Rh6 Kc5 59. Rh7 Kd4 60. Kc2
Re3 61. Rd7 Kxe4 62. Rxd6 Rd3 63. Rh6 Rxd5 64. Rh4+ Kf3 65. Rh3+ 1/2-1/2

[Event "Bundesliga 2021-22"]
[Site "Berlin GER"]
[Date "2022.07.09"]
[Round "13.4"]
[Board "7"]
[White "Dimitrijeski, Kristian"]
[Black "Thiede, Lars"]
[Result "1/2-1/2"]
[WhiteTitle "CM"]
[BlackTitle "IM"]
[WhiteElo "2137"]
[BlackElo "2400"]
[WhiteTeam "SK Koenig Tegel"]
[BlackTeam "SF Berlin"]
[WhiteFideId "4627229"]
[BlackFideId "4607759"]
[EventDate "2022.03.05"]

1. e4 d6 2. d4 g6 3. c4 Bg7 4. Nf3 Nf6 5. Nc3 O-O 6. Be2 Na6 7. O-O e5 8. d5 Bd7
9. Qc2 Nb4 10. Qd1 a5 11. Bg5 h6 12. Bh4 Na6 13. Nd2 Qe8 14. b3 Nh7 15. f3 h5
16. Bf2 f5 17. a3 f4 18. b4 b6 19. c5 bxc5 20. bxc5 Nxc5 21. Bxc5 dxc5 22. Rb1
Rf6 23. Nb5 Qd8 24. Nc4 Rfa6 25. Qc2 Ng5 26. Nd2 Bf8 27. Rfd1 a4 28. Nc3 R6a7
29. Bb5 Bd6 30. Bxd7 Qxd7 31. Nc4 Ra6 32. Rb7 Qc8 33. Rdb1 Nf7 34. Qb2 Kg7 35.
Ne2 g5 36. h4 Qd8 37. Kf2 Qf6 38. hxg5 Qxg5 39. Qb5 Qh4+ 40. Kg1 Qd8 41. Qb2 Kh7
42. Nc1 Qe7 43. Nd3 Rg8 44. Rb8 Ra8 45. Rxa8 Rxa8 46. Qf2 Rg8 47. Kf1 Rg3 48.
Ke2 h4 49. Rh1 Kg6 50. Nd2 Ng5 51. Rxh4 c4 52. Nxc4 Nxf3 53. gxf3 Qxh4 54.
Ndxe5+ Bxe5 55. Nxe5+ Kh7 56. Qc5 Qh2+ 57. Kd3 Rg7 58. Qf8 Qh3 59. Kd4 Rg1 60.
Qf7+ Rg7 61. Qxf4 Qh1 62. Qf5+ Kg8 63. Qc8+ Kh7 64. Qf5+ Kg8 65. Qc8+ Kh7 66.
Qf5+ 1/2-1/2

[Event "Bundesliga 2021-22"]
[Site "Berlin GER"]
[Date "2022.07.09"]
[Round "13.4"]
[Board "8"]
[White "Lauber, Arnd"]
[Black "Acikel, Mert"]
[Result "0-1"]
[WhiteTitle "IM"]
[WhiteElo "2411"]
[BlackElo "2177"]
[WhiteTeam "SF Berlin"]
[BlackTeam "SK Koenig Tegel"]
[WhiteFideId "4632630"]
[BlackFideId "12956465"]
[EventDate "2022.03.05"]

1. d4 d5 2. c4 e6 3. Nc3 Nf6 4. cxd5 exd5 5. Bg5 c6 6. e3 h6 7. Bf4 Bf5 8. Nge2
Bd6 9. Bxd6 Qxd6 10. Ng3 Bg6 11. Bd3 Bxd3 12. Qxd3 O-O 13. O-O Nbd7 14. f3 Rad8
15. Nf5 Qe6 16. e4 dxe4 17. fxe4 g6 18. Ng3 h5 19. Qe3 h4 20. Nge2 Kg7 21. Nf4
Qe7 22. e5 Ng8 23. Qe4 Nh6 24. e6 f5 25. Qe1 Nb6 26. Qe5+ Kh7 27. Rad1 Ng4 28.
Qe2 Nf6 29. Rd3 Kg7 30. b3 g5 31. Qe5 gxf4 32. Rxf4 Nd5 33. Rxh4 Rg8 34. Qxf5
Nxc3 35. Rxc3 Rd5 36. Rg3+ Kf8 37. Rxg8+ Kxg8 38. Qg6+ Qg7 39. Rh6 Rg5 40. Qxf6
Rxg2+ 41. Kf1 Rg1+ 42. Ke2 Qg2+ 43. Kd3 Rd1+ 44. Kc4 Qd5+ 45. Kb4 Rxd4+ 46. Kc3
Qc5+ 0-1

[Event "Bundesliga 2021-22"]
[Site "Berlin GER"]
[Date "2022.07.09"]
[Round "13.5"]
[Board "1"]
[White "Volokitin, Andrei"]
[Black "Nagy, Gabor1"]
[Result "1/2-1/2"]
[WhiteTitle "GM"]
[BlackTitle "GM"]
[WhiteElo "2687"]
[BlackElo "2507"]
[WhiteTeam "Duesseldorfer SK"]
[BlackTeam "Aachener SV"]
[WhiteFideId "14107090"]
[BlackFideId "737119"]
[EventDate "2022.03.05"]

1. e4 c5 2. Nf3 e6 3. d4 cxd4 4. Nxd4 Nc6 5. Nc3 Qc7 6. Be2 Nf6 7. Ndb5 Qb8 8.
f4 a6 9. e5 axb5 10. exf6 gxf6 11. Nxb5 Bc5 12. c3 Na7 13. b4 Nxb5 14. Bxb5 Ba7
15. a4 Ke7 16. Qd3 d5 17. a5 Qc7 18. Be3 Bxe3 19. Qxe3 Bd7 20. Be2 Rhc8 21. Rc1
Qd6 22. O-O b6 23. axb6 1/2-1/2

[Event "Bundesliga 2021-22"]
[Site "Berlin GER"]
[Date "2022.07.09"]
[Round "13.5"]
[Board "2"]
[White "Koch, Thomas1"]
[Black "Banusz, Tamas"]
[Result "1/2-1/2"]
[WhiteTitle "IM"]
[BlackTitle "GM"]
[WhiteElo "2458"]
[BlackElo "2600"]
[WhiteTeam "Aachener SV"]
[BlackTeam "Duesseldorfer SK"]
[WhiteFideId "4600533"]
[BlackFideId "722413"]
[EventDate "2022.03.05"]

1. d4 d5 2. c4 e6 3. Nc3 Nf6 4. Bg5 dxc4 5. e3 a6 6. Bxc4 c5 7. Nf3 b5 8. Bd3
cxd4 9. exd4 Bb7 10. O-O Be7 11. Rc1 O-O 12. Re1 Nc6 13. Bb1 Rc8 14. a3 Na5 15.
Qd3 g6 16. Bh6 Re8 17. Ne5 Nc4 18. Qg3 Nh5 19. Qg4 f5 20. Qh3 Bg5 21. Bxg5 Qxg5
22. Nd3 Nd2 23. Ne5 Nc4 24. Nd3 Nf4 25. Nxf4 Qxf4 26. Ne2 Qg5 27. Ba2 Bd5 28.
Bxc4 Bxc4 29. Qe3 Qxe3 30. fxe3 Rcd8 31. Nc3 e5 32. Red1 f4 33. d5 fxe3 34. Re1
e2 35. Kf2 Rf8+ 36. Ke3 Kg7 37. Nxe2 Rxd5 38. Rcd1 Rfd8 39. Nc3 Rd4 40. Kf2 Bb3
41. Rxd4 exd4 42. Ne4 Bd5 43. Nc5 a5 44. Re7+ Kh6 45. g3 Rc8 46. b4 axb4 47.
axb4 Rf8+ 48. Kg1 Rd8 49. Kf2 Bc4 50. Ne4 Rf8+ 51. Kg2 Bd5 52. Kg1 Rf3 53. g4 g5
54. Re5 Bxe4 55. Rxe4 Rf4 56. Re6+ Kg7 57. h3 h6 58. Re5 Kf6 59. Rxb5 Ke6 60.
Rb8 Kd5 61. b5 Kc5 62. Kg2 d3 63. Rd8 Kc4 64. b6 Rf7 65. Rc8+ Kb3 66. Rc7 Rxc7 1/2-1/2

[Event "Bundesliga 2021-22"]
[Site "Berlin GER"]
[Date "2022.07.09"]
[Round "13.5"]
[Board "3"]
[White "Tan, Justin2"]
[Black "Lemmers, Oscar"]
[Result "1/2-1/2"]
[WhiteTitle "GM"]
[BlackTitle "IM"]
[WhiteElo "2533"]
[BlackElo "2337"]
[WhiteTeam "Duesseldorfer SK"]
[BlackTeam "Aachener SV"]
[WhiteFideId "3206882"]
[BlackFideId "1002759"]
[EventDate "2022.03.05"]

1. Nf3 d5 2. g3 Nc6 3. d4 Bf5 4. Bg2 Nb4 5. Na3 e6 6. O-O Be7 7. c3 Nc6 8. Qb3
Rb8 9. c4 Nf6 10. Rd1 O-O 11. Bd2 Be4 12. Be1 Bxa3 13. bxa3 dxc4 14. Qxc4 Qd5
15. Qc3 Rfd8 16. Qb2 Nd7 17. Rac1 Nb6 18. Qd2 Nc4 19. Qc3 Nb6 20. Rd2 Na4 21.
Qb3 Nb6 22. Kf1 Qxb3 23. axb3 Bxf3 24. Bxf3 Nxd4 25. Rcd1 e5 26. e3 Ne6 27. a4
Rxd2 28. Rxd2 c6 29. a5 Nd5 30. Bxd5 cxd5 31. Rxd5 f6 32. f4 exf4 33. gxf4 Rd8
34. Rb5 Rd7 35. Ke2 a6 36. Rb6 Kf7 37. b4 f5 38. Bc3 g6 39. Be5 Nd8 40. h4 Nc6
41. Bc3 Ne7 42. Rf6+ Ke8 43. Re6 Kf7 44. Rf6+ Ke8 45. Re6 Kf7 1/2-1/2

[Event "Bundesliga 2021-22"]
[Site "Berlin GER"]
[Date "2022.07.09"]
[Round "13.5"]
[Board "4"]
[White "Sonntag, Hans-Hubert"]
[Black "Haria, Ravi"]
[Result "0-1"]
[WhiteTitle "IM"]
[BlackTitle "GM"]
[WhiteElo "2327"]
[BlackElo "2499"]
[WhiteTeam "Aachener SV"]
[BlackTeam "Duesseldorfer SK"]
[WhiteFideId "4601025"]
[BlackFideId "415820"]
[EventDate "2022.03.05"]

1. d4 e6 2. Nf3 Nf6 3. e3 d5 4. c4 b6 5. Nc3 Bb7 6. Bd3 Nbd7 7. O-O a6 8. Ne5
Nxe5 9. dxe5 dxc4 10. Bxc4 Qxd1 11. Rxd1 Ng4 12. f4 Bc5 13. Re1 O-O-O 14. h3 Nh6
15. g4 Ng8 16. Bf1 h5 17. g5 Ne7 18. Bg2 Nf5 19. Bxb7+ Kxb7 20. Ne4 Bb4 21. Rf1
Rd3 22. Kf2 Rhd8 23. Ke2 R3d7 24. a3 Be7 25. Rg1 g6 26. Bd2 c5 27. Rad1 b5 28.
Bc1 Kb6 29. Rxd7 Rxd7 30. Rd1 Rxd1 31. Kxd1 c4 32. Ke2 a5 33. Nd2 Bc5 34. Ne4 b4
35. axb4 axb4 36. b3 cxb3 37. Nd2 Nxe3 38. Nxb3 Nd5 39. Kd3 Kb5 0-1

[Event "Bundesliga 2021-22"]
[Site "Berlin GER"]
[Date "2022.07.09"]
[Round "13.5"]
[Board "5"]
[White "Agrest, Evgenij"]
[Black "Coenen, Norbert"]
[Result "1-0"]
[WhiteTitle "GM"]
[BlackTitle "IM"]
[WhiteElo "2568"]
[BlackElo "2270"]
[WhiteTeam "Duesseldorfer SK"]
[BlackTeam "Aachener SV"]
[WhiteFideId "1705024"]
[BlackFideId "4619455"]
[EventDate "2022.03.05"]

1. Nf3 d5 2. b3 Bg4 3. e3 Nf6 4. Bb2 Nbd7 5. h3 Bh5 6. d3 e6 7. Nbd2 a5 8. a3 c6
9. Qe2 Qc7 10. g4 Bg6 11. Nh4 a4 12. b4 c5 13. bxc5 Qxc5 14. Rc1 Rc8 15. c4 Qb6
16. Rb1 Qa5 17. Nxg6 hxg6 18. Bg2 dxc4 19. dxc4 Nc5 20. O-O Qc7 21. Rfd1 Be7 22.
g5 Nh7 23. Bxg7 Rg8 24. Bd4 Nxg5 25. Bxc5 Bxc5 26. h4 Nh7 27. Rxb7 Qe5 28. Ne4
Be7 29. Rdd7 1-0

[Event "Bundesliga 2021-22"]
[Site "Berlin GER"]
[Date "2022.07.09"]
[Round "13.5"]
[Board "6"]
[White "Meessen, Rudolf"]
[Black "Orlov, Andrey"]
[Result "0-1"]
[WhiteTitle "FM"]
[BlackTitle "GM"]
[WhiteElo "2226"]
[BlackElo "2491"]
[WhiteTeam "Aachener SV"]
[BlackTeam "Duesseldorfer SK"]
[WhiteFideId "202029"]
[BlackFideId "4125282"]
[EventDate "2022.03.05"]

1. d4 d5 2. Nc3 Nf6 3. Bf4 c5 4. e4 cxd4 5. Qxd4 Nc6 6. Bb5 Bd7 7. Bxc6 bxc6 8.
exd5 cxd5 9. Nxd5 Qa5+ 10. Nc3 e6 11. Bd6 Bxd6 12. Qxd6 Ne4 13. Qd4 Nxc3 14.
Qxc3 Qxc3+ 15. bxc3 Ke7 16. Ne2 Rab8 17. Kd2 Rhd8 18. f3 Bb5+ 19. Ke3 Bxe2 20.
Kxe2 Rb2 21. Rhc1 Rdb8 22. Kd2 Rd8+ 23. Ke2 Rc8 24. Kd2 Rb7 25. Rab1 Rd7+ 26.
Ke2 Rxc3 27. Rb3 Rc4 28. c3 Rc5 29. c4 Re5+ 30. Re3 Ra5 31. Rc2 g5 32. Rb3 Rc7
33. g3 h5 34. f4 gxf4 35. gxf4 Kf6 36. Rh3 Rcc5 37. Rb3 Rc7 38. Ke3 Kf5 39. Rg2
f6 40. Kd4 a6 41. Rc2 h4 42. Rb6 Ra3 43. Re2 Ra4 44. Rexe6 Rcxc4+ 45. Kd3 Rd4+
46. Ke3 Re4+ 47. Rxe4 Rxe4+ 48. Kd3 Ra4 49. Rb2 Rxf4 50. Kc3 Kg4 51. Rb6 a5 52.
Rb5 a4 53. a3 f5 54. Rb4 Re4 55. Kd3 Rxb4 56. axb4 a3 57. Kc2 a2 58. Kb2 a1=Q+
59. Kxa1 f4 0-1

[Event "Bundesliga 2021-22"]
[Site "Berlin GER"]
[Date "2022.07.09"]
[Round "13.5"]
[Board "7"]
[White "Coenen, Michael"]
[Black "Lamby, Philipp"]
[Result "0-1"]
[WhiteTitle "FM"]
[WhiteElo "2326"]
[BlackElo "2140"]
[WhiteTeam "Duesseldorfer SK"]
[BlackTeam "Aachener SV"]
[WhiteFideId "4697367"]
[BlackFideId "4657160"]
[EventDate "2022.03.05"]

1. Nf3 d5 2. e3 Nf6 3. c4 c6 4. Nc3 Bg4 5. cxd5 cxd5 6. Qb3 Bc8 7. d4 e6 8. Bd2
Be7 9. Ne5 O-O 10. Bd3 Nc6 11. f4 Qb6 12. Qxb6 axb6 13. b3 Nd7 14. Na4 Ndxe5 15.
fxe5 Bd8 16. O-O Bd7 17. Rf3 f6 18. Raf1 f5 19. g4 g6 20. gxf5 gxf5 21. Kh1 Rf7
22. Rg3+ Rg7 23. Rfg1 Rxg3 24. Rxg3+ Kh8 25. Kg1 Be8 26. Kf1 Bh5 27. Rh3 Bf7 28.
Ke2 Bc7 29. Be1 Rg8 30. Kf1 Rg6 31. Bh4 h6 32. Be2 Rg8 33. Nc3 Kh7 34. Nb5 Bb8
35. Nd6 Bxd6 36. exd6 Be8 37. Bg3 Nd8 38. Bf4 Nf7 39. Bh5 Bb5+ 40. Kf2 Ng5 41.
Bxg5 Rxg5 42. Kf3 Kg7 43. Kf4 Bd7 44. Bf3 Kg6 45. a4 b5 46. axb5 b6 47. b4 Kg7
48. Bh5 Kf6 49. Be2 Kg6 50. Rh4 Rg1 51. Bh5+ Kf6 52. Bf3 Kg6 53. Rh3 Rg5 54. Be2
Kg7 55. Bd3 Kg6 56. Ke5 Kg7 57. Rf3 f4+ 58. Kxf4 e5+ 0-1